000 00368nam a2200133Ia 4500
008 100328s9999 xx 000 0 und d
082 _b48210
100 _aभेण्डे सुभाष
245 _aहलक फुलक
260 _bश्रीविद्या
630 _aहलक फुलक
730 _aहलक फुलक
942 _cBOOK
999 _c535873
_d535870